Państwa suwerenne, państwa sporne i nieuznawane oraz terytoria zależne - Statystyki

Ogólne statystyki
  • Ten quiz został rozwiązany 711 razy
  • Średni wynik to 98 z 272
Statystyki odpowiedzi
Kontynent ? Państwo/terytorium/autonomia Do kogo należy % Poprawnych
Azja N Abchazja [Gruzja]
60%
Europa L Kosowo [Serbia]
58%
Europa N Polska
56%
Azja W Cypr
54%
Ameryka Płn. W Grenlandia Dania
54%
Ameryka Płd. N Gujana
54%
Europa W Irlandia
53%
Europa/Azja N Rosja
53%
Ameryka Płn. N Stany Zjednoczone
51%
Azja W Tajwan [Chiny]
51%
Ameryka Płn. N Kanada
50%
Australia N Australia
48%
Ameryka Płd. N Brazylia
48%
Azja N Chiny
48%
Azja L Osetia Południowa [Gruzja]
48%
Azja L Palestyna [Izrael]
48%
Azja L Armenia
47%
Europa N Francja
47%
Azja N Indie
47%
Azja W Japonia
47%
Europa N Litwa
47%
Europa N Łotwa
47%
Europa N Niemcy
47%
Azja L Afganistan
46%
Europa L Andora
46%
Europa N Estonia
46%
Azja N Gruzja
46%
Europa N Hiszpania
46%
Azja N Izrael
46%
Azja N Korea Północna
46%
Europa N Ukraina
46%
Europa W Wielka Brytania
46%
Europa A Wyspy Owcze Dania
46%
Ameryka Płd. N Argentyna
45%
Ameryka Płd. N Chile
45%
Afryka N Egipt
45%
Azja N Indonezja
45%
Azja N Korea Południowa
45%
Azja L Laos
45%
Ameryka Płn. N Meksyk
45%
Europa N Norwegia
45%
Europa N Portugalia
45%
Europa N Szwecja
45%
Europa L Watykan
45%
Europa N Albania
44%
Europa L Austria
44%
Azja L Azerbejdżan
44%
Europa N Belgia
44%
Europa L Białoruś
44%
Ameryka Płd. L Boliwia
44%
Europa L Czechy
44%
Europa N Dania
44%
Ameryka Płn. W Dominika
44%
Europa N Finlandia
44%
Europa N Grecja
44%
Azja L Irak
44%
Azja L Kazachstan
44%
Europa L Słowacja
44%
Europa N Chorwacja
43%
Ameryka Płn. W Dominikana
43%
Ameryka Płn. W Haiti
43%
Europa N Holandia
43%
Azja N Iran
43%
Europa W Islandia
43%
Azja N Jemen
43%
Ameryka Płd. N Kolumbia
43%
Europa L Luksemburg
43%
Afryka N Maroko
43%
Europa L Mołdawia
43%
Australia W Nowa Zelandia
43%
Azja N Pakistan
43%
Ameryka Płd. N Peru
43%
Afryka N Południowa Afryka
43%
Europa L San Marino
43%
Europa L Serbia
43%
Europa N Słowenia
43%
Ameryka Płd, N Surinam
43%
Azja N Turcja
43%
Europa N Włochy
43%
Afryka N Angola
42%
Ameryka Płn. N Belize
42%
Europa N Bośnia i Hercegowina
42%
Europa N Bułgaria
42%
Afryka L Czad
42%
Europa N Czarnogóra
42%
Ameryka Płd. N Ekwador
42%
Australia A Fidżi
42%
Europa N Gibraltar Wielka Brytania
42%
Afryka N Gwinea
42%
Afryka N Kongo
42%
Ameryka Płn. W Kuba
42%
Azja N Liban
42%
Afryka N Libia
42%
Azja N Malezja
42%
Azja L Mongolia
42%
Azja L Nepal
42%
Azja N Oman
42%
Ameryka Płn. N Panama
42%
Afryka N Somalia
42%
Afryka N Sudan
42%
Ameryka Płd. N Wenezuela
42%
Azja N Wietnam
42%
Afryka N Algieria
41%
Azja N Arabia Saudyjska
41%
Azja L Bhutan
41%
Ameryka Płn. N Honduras
41%
Azja N Kambodża
41%
Azja W Katar
41%
Afryka L Lesotho
41%
Europa L Liechtenstein
41%
Europa W Malta
41%
Europa N Monako
41%
Europa L Naddniestrze [Mołdawia]
41%
Ameryka Płd. L Paragwaj
41%
Azja L Tadżykistan
41%
Azja L Uzbekistan
41%
Europa L Węgry
41%
Ameryka Płn. A Bahamy
40%
Azja N Bangladesz
40%
Azja N Brunei
40%
Azja A Filipiny
40%
Ameryka Płd. N Gujana Francuska Francja
40%
Ameryka Płn. N Gwatemala
40%
Afryka N Gwinea Bissau
40%
Ameryka Płn. W Jamajka
40%
Ameryka Płn. N Kostaryka
40%
Europa L Macedonia
40%
Afryka W Madagaskar
40%
Afryka N Mauretania
40%
Azja N Mjanma
40%
Afryka L Niger
40%
Europa N Rumunia
40%
Afryka N Sahara Zachodnia [Maroko]
40%
Azja W Singapur
40%
Afryka L Sudan Południowy
40%
Azja N Syria
40%
Europa L Szwajcaria
40%
Afryka N Tunezja
40%
Azja L Turkmenistan
40%
Azja N Zjednoczone Emiraty Arabskie
40%
Ameryka Płn. W Antigua i Barbuda
39%
Ameryka Płn. W Barbados
39%
Afryka N Demokratyczna Republika Konga
39%
Afryka N Erytrea
39%
Afryka L Etiopia
39%
Ameryka Płd. A Falklandy / Malwiny Wielka Brytania
39%
Azja L Jordania
39%
Afryka N Kenia
39%
Azja L Kirgistan
39%
Azja N Kuwejt
39%
Afryka L Mali
39%
Afryka N Nigeria
39%
Australia A Palau
39%
Australia N Papua-Nowa Gwinea
39%
Ameryka Płn. W Saint Kitts i Nevis
39%
Ameryka Płn. N Salwador
39%
Afryka A Seszele
39%
Azja N Tajlandia
39%
Ameryka Płd. N Urugwaj
39%
Afryka L Zambia
39%
Azja W Bahrajn
38%
Afryka N Dżibuti
38%
Afryka N Gambia
38%
Afryka N Gwinea Równikowa
38%
Afryka A Komory
38%
Azja A Malediwy
38%
Australia A Mikronezja
38%
Afryka N Mozambik
38%
Ameryka Płn. N Nikaragua
38%
Ameryka Płn. W Saint Lucia
38%
Ameryka Płn. W Saint Vincent i Grenadyny
38%
Australia A Samoa
38%
Afryka N Senegal
38%
Azja N Timor Wschodni
38%
Ameryka Płn. W Trynidad i Tobago
38%
Australia A Wyspy Salomona
38%
Afryka L Zimbabwe
38%
Afryka L Botswana
37%
Afryka L Burundi
37%
Afryka N Gabon
37%
Afryka N Ghana
37%
Australia A Kiribati
37%
Afryka N Liberia
37%
Afryka W Mauritius
37%
Afryka N Namibia
37%
Australia A Nauru
37%
Azja W Sri Lanka
37%
Afryka N Uganda
37%
Afryka L Burkina Faso
36%
Azja W Cypr Północny [Cypr]
36%
Azja N Hongkong Chiny
36%
Afryka N Kamerun
36%
Afryka L Rwanda
36%
Afryka N Tanzania
36%
Afryka N Togo
36%
Australia A Tuvalu
36%
Afryka N Benin
35%
Ameryka Płn. W Grenada
35%
Afryka L Malawi
35%
Australia A Tonga
35%
Australia A Vanuatu
35%
Afryka N Wybrzeże Kości Słoniowej
35%
Australia A Wyspy Marshalla
35%
Ameryka Płn. W Aruba Holandia
34%
Afryka L Republika Środkowoafrykańska
34%
Afryka N Somaliland [Somalia]
34%
Europa W Wyspa Man Wielka Brytania
34%
Azja L Górski Karabach [Armenia]
33%
Ameryka Płn. W Portoryko Stany Zjednoczone
33%
Afryka L Suazi
33%
Europa W Jersey Wielka Brytania
32%
Afryka A Wyspy Św. Tomasza i Książęca
32%
Ameryka Płn. W Curacao Holandia
31%
Afryka N Sierra Leone
31%
Australia W Guam Wielka Brytania
29%
Afryka A Republika Zielonego Przylądka
29%
Ameryka Płn. A Bermudy Wielka Brytania
28%
Europa W Guernsey Wielka Brytania
28%
Ameryka Płn. W Gwadelupa Francja
28%
Ameryka Płn. W Martynika Francja
28%
Azja N Makau Chiny
27%
Australia A Polinezja Francuska Francja
27%
Australia A Wyspy Cooka Nowa Zelandia
27%
Australia W Niue Nowa Zelandia
25%
Australia A Samoa Amerykańskie Stany Zjednoczone
25%
Ameryka Płn. A Wyspy Dziewicze Stanów Zj. Stany Zjednoczone
25%
Ameryka Płn. W Anguilla Wielka Brytania
24%
Ameryka Płn. A Kajmany Wielka Brytania
24%
Afryka W Reunion Francja
24%
Europa A Svalbard Norwegia
24%
Australia A Mariany Północne Stany Zjednoczone
23%
Ameryka Płn. W Nowa Kaledonia Francja
23%
Australia W Norfolk Australia
21%
Australia W Wyspa Bożego Narodzenia Australia
21%
Australia A Wyspy Kokosowe Australia
21%
Ameryka Płn. A Bryt. Wyspy Dziewicze Wielka Brytania
20%
Australia W Pitcairn Wielka Brytania
20%
Afryka W Majotta Francja
19%
Ameryka Płn. W Bonaire Holandia
18%
Ameryka Płn. W Montserrat Wielka Brytania
17%
Australia W Tokelau Nowa Zelandia
17%
Ameryka Płn. W Turks i Caicos Wielka Brytania
17%
Ameryka Płn. W Saint-Pierre i Miquelon Francja
16%
Ameryka Płn. A Antyle Holenderskie Holandia
15%
Australia W Wallis i Futuna Francja
15%
Antarktyda W Bryt. Teryt. Oceanu Indyjskiego Wielka Brytania
14%
Afryka N Ceuta i Melilla Hiszpania
14%
Europa A Jan Mayen Norwegia
14%
Ameryka Płn. W Sint Maarten Holandia
14%
Ameryka Płn. W Saba Holandia
13%
Antarktyda W Georgia Płd. i Sandwich Płd. Wielka Brytania
12%
Australia W Midway Stany Zjednoczone
12%
Antarktyda A Fran. Teryt. Płd. i Antarktyczne Francja
10%
Australia W Baker Stany Zjednoczone
9%
Australia W Wake Stany Zjednoczone
9%
Europa W Akrotiri i Dhekelia Wielka Brytania
8%
Australia W Palmyra Stany Zjednoczone
8%
Ameryka Płn. W Sint Eustatius Holandia
8%
Australia W Święta Helena Wielka Brytania
8%
Afryka W Tristan de Cunha Wielka Brytania
8%
Afryka W Wyspa Wniebowstąpienia Wielka Brytania
8%
Antarktyda A Wyspy Heard i McDonalda Australia
8%
Antarktyda W Jarvis Stany Zjednoczone
7%
Antarktyda W Johnston Stany Zjednoczone
7%
Antarktyda W Wyspa Bouveta Norwegia
7%
Europa W Alderney Wielka Brytania
6%
Antarktyda W Howland Stany Zjednoczone
6%
Australia A Wyspy Morza Koralowego Australia
6%
Antarktyda W Kingman Stany Zjednoczone
5%
Ameryka Płn. W Navassa Stany Zjednoczone
4%
Australia W Wyspy Ashmore i Cartiera Australia
4%
Antarktyda W Ile Clipperton Francja
3%
Nie znaleziono quizów pasujących do podanych kryteriów
Rozkład punktacji
Procent ludzi z każdym wynikiem
Percentyl według liczby udzielonych odpowiedzi
Twoja historia wyników
Nie rozwiązałeś tego quizu